000 00684nam a2200289Ia 4500
005 20260324133500.0
008 008 260324s9999 xx 000 0 eng d
020 _a9780429216121
037 _aEBOOK
040 _aCRL
040 _beng
040 _cCRL
041 _2eng
041 _aeng
084 _qCRL
100 _aPartha P. Banerjee
_91193267
245 0 _aNonlinear Optics
245 0 _bTheory, Numerical Modeling, and Applications
260 _bTaylor and Francis
260 _c2003
365 _a
365 _b435
856 _uhttp://www.taylorfrancis.com/books/9780429216121
942 _cEBOOK
999 _c1792334
_d1792334